000 00849nam a2200253 4500
001 16519
003 HDC
007 cr bn ---aaaaa
008 210221c mydr|noo 0 a may d
040 _aHDC
100 _aKAMARUDIN MD. DEROM
_eauthor
_916283
245 0 _aMalaysia mampu jadi pusat serantau makanan halal /
_cby KAMARUDIN MD. DEROM
260 _aMalaysia:
_bUtusan Malaysia,
_c2003
336 _atext
_2rdacontent
337 _acomputer
_2rdamedia
338 _aonline resource
_2rdacarrier
650 _ahalal food
_950
650 _amanufacturer industry
_916284
710 _aBerita Harian
856 _zRequest full-text at [email protected]
942 _2lcc
942 _cNEWS
942 _kNSWO 008463
999 _c13835
_d13835